[Event "Lyon zt"]
[Site "Lyon"]
[Date "1990.??.??"]
[Round "7"]
[White "Van der Sterren, Paul"]
[Black "Kuijf, Marinus"]
[Result "1-0"]
[WhiteElo "2515"]
[BlackElo "2490"]

1.d4 d5 2.c4 c6 3.Nf3 Nf6 4.Nc3 e6 5.e3 Nbd7 6.Qc2 Bd6 7.Be2 O-O 8.O-O Re8
9.b3 a6 10.Bb2 dxc4 11.bxc4 c5 12.Rad1 cxd4 13.exd4 Qc7 14.Bd3 Nf8 15.Ne4 Nxe4
16.Bxe4 Bd7 17.c5 Be7 18.Ne5 Bb5 19.Rfe1 Red8 20.a4 Bc6 21.Nxc6 bxc6 22.g3 h6
23.Bc1 Bg5 24.Bxg5 hxg5 25.h3 Rab8 26.Qc4 a5 27.Qa6 Rbc8 28.Qe2 Rb8 29.Qf3 Rb4
30.Bxc6 Rdxd4 31.Rxd4 Rxd4 32.Rc1 Nh7 33.Qe3 Qd8 34.Bb5 g4 35.c6 Rd1+ 36.Kh2 Qd5
37.Rxd1 Qxd1 38.c7 Qc2 39.Qb6 Ng5 40.Bc6 Nf3+ 41.Kg2 gxh3+ 42.Kxh3  1-0

[Event "Marseille"]
[Site "Marseille"]
[Date "1990.??.??"]
[Round "6"]
[White "Miralles, Gilles"]
[Black "Chernin, Alexander"]
[Result "1/2-1/2"]
[WhiteElo "2460"]
[BlackElo "2600"]

1.d4 d5 2.c4 c6 3.Nc3 Nf6 4.e3 e6 5.Nf3 Nbd7 6.Bd3 dxc4 7.Bxc4 b5 8.Bd3 a6
9.e4 c5 10.d5 c4 11.dxe6 cxd3 12.exd7+ Qxd7 13.O-O Bb7 14.Re1 Be7 15.e5 Nd5
16.Ne4 O-O 17.Qxd3 Qg4 18.a3 Rfd8 19.Qe2 Rac8 20.Nd4 Qg6  1/2-1/2

[Event "URS-ch U26"]
[Site "Minsk"]
[Date "1990.??.??"]
[Round "?"]
[White "Khenkin, Igor"]
[Black "Shabalov, Alexander"]
[Result "1-0"]
[WhiteElo "2450"]
[BlackElo "2465"]

1.d4 d5 2.c4 c6 3.Nf3 Nf6 4.Nc3 e6 5.e3 Nbd7 6.Bd3 dxc4 7.Bxc4 b5 8.Be2 Bb7
9.O-O a6 10.e4 c5 11.e5 Nd5 12.a4 b4 13.Ne4 h6 14.Nfd2 Be7 15.Nc4 O-O 16.Ncd6 Bc6
17.Nxc5 Bxd6 18.exd6 Nb8 19.Ne4 a5 20.Re1 Nd7 21.Bd3 Qb6 22.Bc2 Rac8 23.Qd3 N7f6
24.Nxf6+ Nxf6 25.Bf4 b3 26.Bxb3 Be4 27.Qb5 Qa7 28.d7 Ra8 29.Bd6 Rfd8 30.Be7 Rxd7
31.Bxf6 Bd5 32.Be5 Rb7 33.Bxd5 Rxb5 34.Bxa8 Rxb2 35.Bf3 f6 36.Bg3 Qxd4 37.Rad1 Rd2
38.Rc1 e5 39.Bc6 h5 40.h4 Kh7 41.Kh2 Kh6 42.Be4 Qxa4 43.Rc8 g6 44.Rg8 f5
45.Rh8+ Kg7 46.Bxe5+ Kf7 47.Rh7+ Kg8 48.Rc1  1-0

[Event "Miskolc"]
[Site "Miskolc"]
[Date "1990.??.??"]
[Round "8"]
[White "Lukacs, Peter"]
[Black "Halasz, Tamas"]
[Result "1-0"]
[WhiteElo "2460"]
[BlackElo "2415"]

1.d4 d5 2.c4 e6 3.Nf3 Nf6 4.Nc3 c6 5.e3 Nbd7 6.Qc2 Bd6 7.Be2 O-O 8.O-O dxc4
9.Bxc4 a5 10.Bd2 c5 11.Bd3 cxd4 12.exd4 Qc7 13.Rac1 Qb8 14.Rfe1 b6 15.Ne4 Be7
16.Bg5 Nd5 17.Nc3 g6 18.Nxd5 Bxg5 19.Nxg5 exd5 20.Qc6 Kg7 21.Re7 Nf6 22.Qc7 Qxc7
23.Rcxc7 Bd7 24.Rcxd7 Nxd7 25.Rxd7 Rae8 26.Kf1 h6 27.Nf3 Rd8 28.Rb7 Rd6 29.Ne5 Kg8
30.Ba6 Ra8 31.Bb5  1-0

[Event "Moscow (Women)"]
[Site "Moscow"]
[Date "1990.??.??"]
[Round "?"]
[White "Minogina, Tanam"]
[Black "Micic, Snezana"]
[Result "1/2-1/2"]
[WhiteElo "2150"]
[BlackElo "2120"]

1.d4 d5 2.c4 c6 3.e3 Nf6 4.Nc3 e6 5.Nf3 Nbd7 6.Bd3 Bb4 7.O-O O-O 8.Qc2 Re8
9.a3 Ba5 10.Rd1 Qe7 11.b4 Bc7 12.e4 dxc4 13.Bxc4 e5 14.Ng5 Rf8 15.d5 Nb6
16.Bb3 h6 17.Nf3 cxd5 18.exd5 e4 19.Re1 Re8 20.Bb2 Bg4 21.Nd2 Bf5 22.Nf1 Rac8
23.Qd2 Rcd8 24.f3 Qd7 25.fxe4 Nxe4 26.Nxe4 Bxe4 27.Rad1 Qg4 28.Qe2 Qg6 29.Qf2 Rf8
30.Bd4 Nxd5 31.Bc5 Nf4 32.Ng3 Bxg2 33.Rxd8 Rxd8 34.Bc2 Qc6 35.Bf5 g6 36.b5 Qd5
37.Be3 Nh3+ 38.Bxh3 Bxh3 39.Bxa7 b6 40.Ne4 Kg7 41.Qf6+ Kg8 42.Bxb6 Re8 43.Bd4 Be5
44.Bxe5 Rxe5 45.Qh4 Qd4+ 46.Kh1 Qd5 47.Qxh3 Rxe4 48.Rxe4 Qxe4+ 49.Kg1 Qd4+
50.Kg2 Qb2+ 51.Kg1 Qxb5 52.Qc8+ Kg7 53.Qa8 f5 54.a4 Qb1+ 55.Kg2 Qc2+ 56.Kg1 Qd1+
57.Kg2 Qd2+ 58.Kg1 Qe1+  1/2-1/2

[Event "Moscow op"]
[Site "Moscow"]
[Date "1990.??.??"]
[Round "?"]
[White "Sher, Miron N"]
[Black "Vul, Arkadi Eremeevich"]
[Result "1-0"]
[WhiteElo "2485"]
[BlackElo "2370"]

1.c4 e6 2.Nc3 d5 3.d4 c6 4.e3 Nf6 5.Nf3 Nbd7 6.Qc2 Bd6 7.Be2 O-O 8.O-O dxc4
9.Bxc4 e5 10.Bb3 Qc7 11.h3 exd4 12.exd4 Bf4 13.Re1 Nb6 14.Qe2 Bd7 15.Bxf4 Qxf4
16.Qe5 Qxe5 17.dxe5 Nfd5 18.Bxd5 Nxd5 19.Nxd5 cxd5 20.Rad1 Rac8 21.Rxd5 Bc6
22.Rd3 Bxf3 23.Rxf3 Rc2 24.Rb3 b6 25.Rd1 f6 26.e6 Re8 27.Rd7 Rxe6 28.Rxa7 Ree2
29.Rg3 Rxf2 30.Rgxg7+ Kf8 31.Kh1 Rf1+ 32.Kh2 Rff2 33.h4 Rxb2 34.Kh3 Rxa2
35.Raf7+ Ke8 36.Rb7 Kf8 37.Rxh7 Kg8 38.Rhd7 Ra8 39.Rxb6 Re8 40.g3 Rf1 41.Kg4 f5+
42.Kg5 Rfe1 43.Kxf5 Rf8+ 44.Kg4 Re4+ 45.Kh3 Re1 46.Rbb7 Rfe8 47.Rd6 Kh8 48.Rdb6 R8e5
49.Rb5 R5e4 50.Rb4 Re5 51.R7b5 Re6 52.Rb8+ Kg7 53.R4b7+ Kf6 54.Rb6 Rxb6 55.Rxb6+ Kf5  1-0

[Event "Moscow op"]
[Site "Moscow"]
[Date "1990.??.??"]
[Round "?"]
[White "Vyzmanavin, Alexey"]
[Black "Novikov, Igor A"]
[Result "1/2-1/2"]
[WhiteElo "2585"]
[BlackElo "2575"]

1.d4 d5 2.c4 e6 3.Nc3 c6 4.e3 Nf6 5.Nf3 Nbd7 6.Bd3 dxc4 7.Bxc4 b5 8.Bd3 Bb7
9.e4 b4 10.Na4 c5 11.e5 Nd5 12.O-O cxd4 13.Nxd4 Nxe5 14.Bb5+ Nd7 15.Re1 Rc8
16.Qh5 g6 17.Qe2 a6 18.Bxa6 Bxa6 19.Qxa6 Bg7 20.Bg5 Nc7 21.Qb7 Rb8 22.Bxd8 Rxb7
23.Bxc7 Rxc7 24.Nb5 Rc2 25.Rac1 Rxc1 26.Rxc1 O-O 27.b3 Rd8 28.Kf1 Nf6 29.Ke2  1/2-1/2

[Event "Moscow (Women)"]
[Site "Moscow"]
[Date "1990.??.??"]
[Round "?"]
[White "Baginskaite, Kamile"]
[Black "Arakhamia, Ketevan"]
[Result "1-0"]
[WhiteElo "2300"]
[BlackElo "2385"]

1.d4 d5 2.c4 c6 3.Nc3 Nf6 4.Nf3 e6 5.e3 Nbd7 6.Bd3 dxc4 7.Bxc4 b5 8.Bd3 a6
9.e4 c5 10.d5 c4 11.Bc2 e5 12.O-O Bc5 13.b3 cxb3 14.axb3 Qb6 15.h3 O-O 16.Bb2 Nh5
17.Ne2 Re8 18.Qd2 Qd6 19.Qg5 g6 20.Nh4 f6 21.Qh6 Qb6 22.Rac1 Bf8 23.Qd2 Nc5
24.Kh1 g5 25.Nf3 Ra7 26.Nh2 Ng7 27.Qe3 a5 28.Qf3 b4 29.Ng4 Bxg4 30.hxg4 a4
31.bxa4 b3 32.Bd1 Rxa4 33.Nc3 Rd4 34.Be2 Rb8 35.d6 Rxd6 36.Nd5 Rxd5 37.Bc4 Kh8
38.Bxd5 Be7 39.Qe3 Qa5 40.Ra1 Qd8 41.Rfc1 Qf8 42.Rc3 Nge6 43.Bxe6 Nxe6 44.Rxb3 Bc5
45.Rxb8 Qxb8 46.Qf3 Kg7 47.Bc3 Qb3 48.Rc1 Qa2 49.Be1 Qb2 50.Rd1 Nd4 51.Bc3 Nxf3
52.Bxb2 Nd4 53.Bxd4 Bxd4 54.Kg1 Bc5 55.Rd5 Bb6 56.Kf1 Kg6 57.Rd6 Ba7 58.Ke2 Bc5
59.Rc6 Be7 60.Kd3 Bf8 61.Kc4 Bg7  1-0

[Event "New York op"]
[Site "New York"]
[Date "1990.??.??"]
[Round "6"]
[White "Mohr, Stefan"]
[Black "Janjgava, Lasha"]
[Result "1/2-1/2"]
[WhiteElo "2425"]
[BlackElo "2455"]

1.d4 d5 2.c4 e6 3.Nc3 c6 4.e3 Nf6 5.Nf3 Nbd7 6.Qc2 Bd6 7.Be2 O-O 8.O-O Qe7
9.Rd1 dxc4 10.Bxc4 b5 11.Be2 Bb7 12.e4 e5 13.dxe5 Bxe5 14.Nxe5 Qxe5 15.Be3 Qe7
16.f3 a6 17.a4 Rac8 18.Bf1 Rfd8 19.Ne2 Ne8 20.Nd4 Nd6 21.Nb3 bxa4 22.Na5 Nf8
23.Bc5 Qc7 24.Qxa4 Nb5 25.Rxd8 Rxd8 26.Nxb7 Qxb7 27.Qxa6 Qd7 28.Bb6 Rb8 29.Be3 Ne6
30.Rc1 Nbd4 31.Qa2 Qb7 32.Rb1 Nc2 33.Qa7 Nxe3 34.Qxe3 Qb4 35.b3 Nd4 36.Bc4 Nc2
37.Qd3 Na3 38.Rd1 h6 39.Qd6 Nxc4 40.bxc4 c5 41.Qd5 Qb3 42.h3 Rb4 43.Ra1 Qxc4
44.Ra8+ Kh7 45.Qf5+ g6 46.Qe5  1/2-1/2

[Event "New York Manhattan"]
[Site "New York"]
[Date "1990.??.??"]
[Round "7"]
[White "Ginsburg, Mark"]
[Black "Kaidanov, Grigory S"]
[Result "0-1"]
[WhiteElo "2400"]
[BlackElo "2500"]

1.d4 d5 2.c4 e6 3.Nf3 Nf6 4.Nc3 c6 5.e3 Nbd7 6.a3 Bd6 7.Bd3 O-O 8.O-O h6
9.e4 dxe4 10.Nxe4 Nxe4 11.Bxe4 e5 12.Bc2 a5 13.Re1 exd4 14.Qxd4 Bc5 15.Qc3 Nf6
16.Bf4 Bg4 17.Be5 Re8 18.h3 Bxf3 19.Qxf3 Nd7 20.Bc3 Qg5 21.Rad1 Nf8 22.b4 axb4
23.axb4 Bb6 24.c5 Bc7 25.g3 Rxe1+ 26.Rxe1 Ra3 27.h4 Qd8 28.Re3 Qd7 29.h5 b6
30.Bf5 Qd8 31.Qxc6 bxc5 32.bxc5 Qd1+ 33.Kg2 Qxh5 34.Bh3 Bd8 35.Re8 Rxc3 36.Rxd8 Qxc5
37.Qa8 Rc1 38.Qf3 Qc6 39.Rd5 Ne6 40.Bf5 Rc3 41.Qe4 Rc4 42.Qf3 Rf4 43.gxf4 Qxd5
44.Be4 Qd6 45.f5 Ng5 46.Qe3 Nxe4 47.Qxe4 Qf6 48.f4 Kh7 49.Kh3 h5 50.Qd3 Kh6
51.Qc2 Qb6 52.Kh4 Qd4 53.Qc6+ g6  0-1

[Event "New York Manhattan"]
[Site "New York"]
[Date "1990.??.??"]
[Round "8"]
[White "Wojtkiewicz, Aleksander"]
[Black "Sherzer, Alex"]
[Result "1-0"]
[WhiteElo "2550"]
[BlackElo "2440"]

1.Nf3 d5 2.c4 c6 3.d4 Nf6 4.Nc3 e6 5.e3 Nbd7 6.Qc2 Bd6 7.Be2 dxc4 8.a4 e5
9.O-O O-O 10.Bxc4 Qe7 11.h3 Bc7 12.Bb3 h6 13.Nh4 exd4 14.Nf5 Qd8 15.exd4 Nb6
16.Be3 Nbd5 17.Rae1 Bxf5 18.Qxf5 Qd6 19.g3 Nxe3 20.Rxe3 Qxd4 21.Rfe1 Rad8
22.Kg2 Qb4 23.Qc2 Rfe8 24.Nd5 cxd5 25.Qxc7 Rf8 26.Qe7 Qb6 27.Qa3 a5 28.Bd1 Ne4
29.Bc2 Nc5 30.Re5 Qc6 31.Kg1 b6 32.Qf3 Qd6 33.Qf5 g6 34.Qf4 Kg7 35.Qd4 Qf6
36.Kg2 Rd6 37.f4 Nd7 38.Bb3 Kh7 39.Rd1 Re6 40.Rxd5 Re2+ 41.Kf3 Qxd4 42.R1xd4 Rxb2
43.Rxd7 Rxb3+ 44.Kg4 h5+ 45.Kh4 Kh6 46.g4 hxg4 47.hxg4 Rh8 48.R4d6 Rf8 49.f5 Rb4
50.Rf6 Rxa4 51.fxg6 Ra1 52.Rdxf7 Rh1+ 53.Kg3 Rg8 54.Rh7+ Kg5 55.Rf5+ Kxg6
56.Rxh1  1-0

[Event "NLD-ch"]
[Site "?"]
[Date "1990.??.??"]
[Round "3"]
[White "Douven, Rudy C"]
[Black "Piket, Jeroen"]
[Result "0-1"]
[WhiteElo "2440"]
[BlackElo "2495"]

1.d4 d5 2.c4 c6 3.Nc3 Nf6 4.e3 e6 5.Nf3 Nbd7 6.Qc2 Bd6 7.Be2 O-O 8.O-O dxc4
9.Bxc4 b5 10.Be2 Bb7 11.Bd2 a6 12.e4 e5 13.dxe5 Nxe5 14.Nxe5 Bxe5 15.f4 Bd4+
16.Kh1 b4 17.Nd1 Qb6 18.Bd3 g6 19.Re1 Rad8 20.Ne3 c5 21.Nc4 Qe6 22.Re2 Qg4
23.Rf1 Rfe8 24.Be1 Nh5 25.h3 Qd7 26.Rf3 Qc7 27.Bh4 Rd7 28.f5 g5 29.Be1 Rde7
30.b3 f6 31.g4 Nf4 32.Bg3 Kh8 33.Bxf4 gxf4 34.Kh2 Be3 35.Nxe3 Bxe4 36.Bxe4 Rxe4
37.Kg2 Qc6 38.Kf2 Qd6 39.Rd2 fxe3+ 40.Rxe3 Qh2+ 41.Kf3 Rxe3+  0-1

[Event "NLD-ch"]
[Site "?"]
[Date "1990.??.??"]
[Round "7"]
[White "De Boer, Gert Jan"]
[Black "Kuijf, Marinus"]
[Result "1/2-1/2"]
[WhiteElo "2375"]
[BlackElo "2490"]

1.d4 d5 2.c4 c6 3.Nf3 Nf6 4.Nc3 e6 5.e3 Nbd7 6.Bd3 dxc4 7.Bxc4 b5 8.Bd3 a6
9.e4 c5 10.e5 cxd4 11.Nxb5 Nxe5 12.Nxe5 axb5 13.Qf3 Bb4+ 14.Ke2 Rb8 15.Qg3 Qd6
16.Nf3 Qxg3 17.hxg3 Bd6 18.Bf4 Ke7 19.Nxd4 Bd7 20.Bxd6+ Kxd6 21.Rhd1 Ke7
22.Rac1 Rb6 23.Rc7  1/2-1/2

[Event "NOR-ch"]
[Site "NOR"]
[Date "1990.??.??"]
[Round "9"]
[White "Bern, Ivar"]
[Black "Ostenstad, Berge"]
[Result "1/2-1/2"]
[WhiteElo "2335"]
[BlackElo "2425"]

1.c4 e6 2.Nc3 d5 3.d4 c6 4.e3 Nf6 5.Nf3 Nbd7 6.Qc2 Bd6 7.Bd2 O-O 8.h3 c5
9.cxd5 exd5 10.Be2 Re8 11.O-O b6 12.a4 a6 13.a5  1/2-1/2

[Event "Novi Sad ol (Men)"]
[Site "Novi Sad"]
[Date "1990.??.??"]
[Round "3"]
[White "Khan, Mohd Omer"]
[Black "West, Guy"]
[Result "1/2-1/2"]
[WhiteElo "2300"]
[BlackElo "2395"]

1.d4 d5 2.c4 e6 3.Nc3 c6 4.e3 Nf6 5.Nf3 Nbd7 6.Bd3 dxc4 7.Bxc4 b5 8.Bd3 Bb7
9.O-O b4 10.Ne4 Nxe4 11.Bxe4 Qb6 12.Nd2 Be7 13.b3 O-O 14.Bb2 Rfd8 15.Nc4 Qc7
16.Qc2 Nf6 17.Bf3 Rac8 18.a3 bxa3 19.Bxa3 c5 20.Bxb7 Qxb7 21.Na5 Qb5 22.Nc4 Qb7
23.Na5 Qb5 24.Nc4 Rd7 25.Bxc5 Bxc5 26.dxc5 Qxc5 27.h3 h6 28.Rfd1 Rxd1+ 29.Qxd1 Nd5
30.Ra5 Qe7 31.Qd4 Rc7 32.e4 Nb4 33.Qd2 Rd7 34.Qf4 Nd3 35.Qe3 Kh7 36.Rb5 g6
37.e5 Qg5 38.Qxg5 hxg5 39.g3 Kg7 40.Kf1 Rc7 41.Kg2 Ne1+ 42.Kf1 Nd3 43.Nd2 a6
44.Ra5 Rc2 45.Ne4 Kh6 46.Rxa6 Nxe5 47.Ra7 Rb2 48.Rb7 g4 49.hxg4 Nxg4 50.Rxf7 Rxb3
51.Kg2 Rb2 52.Kh3 Re2 53.Kxg4 Rxe4+ 54.f4 Re1  1/2-1/2

[Event "Novi Sad ol (Men)"]
[Site "Novi Sad"]
[Date "1990.??.??"]
[Round "10"]
[White "Adorjan, Andras"]
[Black "Piket, Jeroen"]
[Result "1-0"]
[WhiteElo "2505"]
[BlackElo "2495"]

1.d4 d5 2.c4 c6 3.e3 Nf6 4.Nc3 e6 5.Nf3 Nbd7 6.Qc2 Bd6 7.Be2 O-O 8.O-O dxc4
9.Bxc4 b5 10.Be2 Bb7 11.Rd1 Qc7 12.e4 e5 13.dxe5 Nxe5 14.Nd4 Ned7 15.g3 b4
16.Na4 Rfe8 17.Nf5 Bf8 18.Bf4 Qa5 19.f3 Nb6 20.Nxb6 axb6 21.Nd6 Bxd6 22.Rxd6 c5
23.a4 Ba6 24.Bxa6 Qxa6 25.b3 Red8 26.Rad1 Rxd6 27.Rxd6 Ne8 28.Rd5 h6 29.Qd3 Qxd3
30.Rxd3 g5 31.Be3 f6 32.Rd7 c4 33.Rd4 cxb3 34.Rxb4 b2 35.Rxb6 Rxa4 36.Rxb2 g4
37.fxg4 Rxe4 38.Bf4 Ng7 39.Rb6 Ne6 40.Bxh6 Kf7 41.h3 Nd4 42.Kf1 Kg6 43.Bd2 Kf7
44.Bc3 Ne6 45.Kf2 Rc4 46.Bb2 Re4 47.Bc1 Rc4 48.Be3 Rc2+ 49.Kf3 Rc3 50.Rb7+ Kg8
51.Ke4 Ra3 52.h4 Ng7 53.Bf4 Ra4+ 54.Kd5 f5 55.gxf5 Nxf5 56.Ke5 Ng7 57.g4 Ra5+
58.Ke4 Ne6 59.Rb4 Kf7 60.Be3 Kf6 61.Bd4+ Kg6  1-0

[Event "Novi Sad ol (Men)"]
[Site "Novi Sad"]
[Date "1990.??.??"]
[Round "13"]
[White "Marin, Mihail"]
[Black "O'Donnell, Tom"]
[Result "1/2-1/2"]
[WhiteElo "2485"]
[BlackElo "2415"]

1.d4 d5 2.c4 e6 3.Nc3 c6 4.e3 Nf6 5.Nf3 Nbd7 6.Bd3 dxc4 7.Bxc4 b5 8.Bd3 a6
9.e4 c5 10.d5 c4 11.dxe6 fxe6 12.Bc2 Qc7 13.O-O Bc5 14.Qe2 Ne5 15.Nxe5 Qxe5
16.Kh1 O-O 17.f4 Qh5 18.Qxh5 Nxh5 19.Bd1 Nf6 20.e5 Nd5 21.Bf3 Bb7 22.Ne4 Be7
23.Bg4 Nxf4 24.Bxf4 Bxe4 25.Bxe6+ Kh8 26.Be3 Bd3 27.Rxf8+ Rxf8 28.Bd7 g5
29.Kg1 Kg7 30.h3 Kg6 31.Rc1 Rb8 32.Rd1 a5 33.Rd2 a4 34.a3 b4 35.axb4 Rxb4
36.Rf2 a3 37.bxa3 Rb1+ 38.Kh2 c3 39.Be8+ Kh6 40.Rf7 Re1 41.Rxe7 Rxe3 42.Rc7 c2
43.Ba4 Kg6 44.Bxc2 Bxc2 45.Rxc2 Rxa3 46.Re2 Kg7 47.e6 Kf8 48.Re5 h6 49.e7+ Ke8
50.Re6 Rb3 51.Kg1 Rb2 52.Kh2 Rb3 53.Rxh6 Kxe7 54.Rg6 Rb5 55.Kg3 Kf7 56.Rd6 Rb4
57.Kf3 Ra4 58.g3 Rb4 59.Ke3 Ra4 60.Rd4 Ra3+ 61.Rd3  1/2-1/2

[Event "Wch U26"]
[Site "Odessa"]
[Date "1990.??.??"]
[Round "3"]
[White "Grabowski, Andrzej"]
[Black "Thesing, Matthias"]
[Result "1-0"]
[WhiteElo "2370"]
[BlackElo "2415"]

1.d4 d5 2.c4 e6 3.Nf3 Nf6 4.Nc3 c6 5.e3 Nbd7 6.a3 Bd6 7.Be2 O-O 8.O-O Qe7
9.Re1 Ne4 10.Qc2 f5 11.b4 g5 12.Bb2 Qf6 13.Nd2 Nxd2 14.Qxd2 Qh6 15.g3 Nf6
16.f3 f4 17.gxf4 gxf4 18.e4 Kh8 19.Kh1 Bd7 20.Rg1 Nh5 21.Rg4 Nf6 22.Rg2 Rg8
23.Rag1 Bc7 24.Bd3 Rxg2 25.Rxg2 Rg8 26.e5 Nh5 27.Rxg8+ Kxg8 28.Qg2+ Kf8 29.Ne2 Be8
30.Qg4 Bg6 31.Qxe6 Ng3+ 32.Kg2 Nxe2 33.Qf6+ Kg8 34.Bxe2 Qf8 35.Qxf8+ Kxf8
36.Bc1 dxc4 37.Bxc4 Bb6 38.d5 cxd5 39.Bxd5 Be3 40.Bxe3 fxe3 41.Be4 Bxe4 42.fxe4 Ke7
43.Kf3 Ke6 44.Kxe3 Kxe5 45.a4 a6 46.a5  1-0

[Event "Orange op"]
[Site "Orange"]
[Date "1990.??.??"]
[Round "3"]
[White "Popchev, Milko"]
[Black "Prakken, Gerrit"]
[Result "1-0"]
[WhiteElo "2400"]
[BlackElo "2200"]

1.d4 d5 2.c4 c6 3.Nc3 Nf6 4.e3 e6 5.Nf3 Nbd7 6.Be2 dxc4 7.a4 Bb4 8.Bxc4 Qa5
9.Qc2 O-O 10.O-O e5 11.Bd2 exd4 12.exd4 Nb6 13.Bd3 Nbd5 14.Rfe1 h6 15.Re5 Be6
16.Bf5 Bxf5 17.Rxf5 Rae8 18.Ne5 Qd8 19.Qd3 Qc7 20.Re1 Bd6 21.Qh3 Re6 22.Nxd5 Nxd5
23.Rxf7 Qc8 24.Rxf8+ Bxf8 25.f4 Re8 26.Qxc8 Rxc8 27.Kf2 Bd6 28.Kf3 h5 29.g3 Kh7
30.h3 g6 31.Nf7 Be7 32.Ng5+ Bxg5 33.fxg5 Kg7 34.Bf4 Kf7 35.Be5 Ke6 36.g4 hxg4+
37.Kxg4 Kd7 38.h4 c5 39.h5 gxh5+ 40.Kxh5 cxd4 41.Bxd4 Rc4 42.Bxa7 Rxa4 43.Bb8 Ra6
44.g6 Ne7 45.g7 Re6 46.Rxe6 Kxe6 47.Kh6 Kf7 48.Kh7 Ng8 49.Bf4 Ne7 50.Bg5 Ng8
51.Kh8  1-0

[Event "Ostend op"]
[Site "Ostend"]
[Date "1990.??.??"]
[Round "?"]
[White "Van der Sterren, Paul"]
[Black "Blauert, Joerg"]
[Result "1/2-1/2"]
[WhiteElo "2515"]
[BlackElo "2355"]

1.d4 Nf6 2.c4 e6 3.Nf3 d5 4.Nc3 c6 5.e3 Nbd7 6.Bd3 dxc4 7.Bxc4 b5 8.Bd3 a6
9.e4 c5 10.d5 c4 11.dxe6 cxd3 12.exd7+ Qxd7 13.O-O Bb7 14.Re1 Be7 15.e5 Nd5
16.Ne4 O-O 17.Qxd3 Qg4 18.h3 Qg6 19.Bd2 Rfd8 20.Qb3 Nb6 21.Nd6 Bxd6 22.exd6 Rxd6
23.Bf4 Rd3 24.Nh4 Rxb3 25.Nxg6 Rxb2 26.Ne7+ Kh8 27.Rad1 Rxa2 28.Rd6 Na4 29.Rd7 Nc5
30.Rc7 Nd3 31.Re3 Nxf4 32.Rxb7 Re2 33.Rf3 Re4 34.Nf5 Kg8 35.Nd6 Rd4 36.Nxf7 Rf8
37.Ne5 Ne2+ 38.Kf1 Re8 39.g3 Rd1+ 40.Kxe2 Rd5 41.Kf1 Rdxe5 42.Rff7 Rg5 43.h4 Rg4
44.Rfd7 h6 45.Kg2 Re5 46.f3 Rg6 47.g4 h5 48.g5 Rf5 49.Kg3 Kh8 50.f4 Rc5 51.Kf3 Re6
52.Rxg7  1/2-1/2

[Event "Paris-ch"]
[Site "Paris"]
[Date "1990.??.??"]
[Round "?"]
[White "Pinter, Jozsef"]
[Black "Smagin, Sergey"]
[Result "1-0"]
[WhiteElo "2555"]
[BlackElo "2520"]

1.d4 Nf6 2.c4 e6 3.Nf3 d5 4.Nc3 c6 5.e3 Nbd7 6.Bd3 dxc4 7.Bxc4 b5 8.Bd3 Bb7
9.e4 b4 10.Na4 c5 11.e5 Nd5 12.dxc5 Qa5 13.O-O Bxc5 14.Nxc5 Nxc5 15.Bc2 Rd8
16.Nd4 Ne7 17.Be3 Nd7 18.f4 Nb6 19.Nb3 Qb5 20.Qg4 O-O 21.Rf2 Rfe8 22.Re1 Ng6
23.h4 Ne7 24.h5 Nc4 25.Bxa7 h6 26.Bc5 Nf5 27.Bxf5 exf5 28.Qxf5 Na5 29.Nxa5 Qxa5
30.e6 Rxe6 31.Rxe6 Bc8 32.Qe5 Bxe6 33.f5 Rd1+ 34.Kh2 Qd8 35.Qg3 Rd5 36.fxe6 Rxh5+
37.Kg1 Rxc5 38.exf7+ Kf8 39.Qf4 b3 40.axb3 Rc8 41.Qb4+ Qe7 42.Qxe7+ Kxe7
43.f8=Q+ Rxf8 44.Rxf8 Kxf8 45.Kf2 Ke7 46.Ke3 Ke6 47.Ke4 h5 48.b4  1-0

[Event "Paris-ch"]
[Site "Paris"]
[Date "1990.??.??"]
[Round "?"]
[White "Hawelko, Marek"]
[Black "Weeks, M."]
[Result "1-0"]
[WhiteElo "2410"]
[BlackElo "2250"]

1.Nf3 Nf6 2.c4 c6 3.Nc3 d5 4.d4 e6 5.e3 Nbd7 6.Bd3 Bd6 7.O-O O-O 8.e4 dxe4
9.Nxe4 Nxe4 10.Bxe4 Qc7 11.Bc2 Re8 12.Qd3 g6 13.Re1 b6 14.Qe4 Bb7 15.Qh4 c5
16.Ng5 Nf8 17.dxc5 Bxc5 18.Bd2 e5 19.Bc3 Bd4 20.Bxd4 exd4 21.Qxd4 Rad8 22.Qc3 h6
23.Ne4 Bxe4 24.Bxe4 Ne6 25.g3 Qc5 26.Rad1 Nd4 27.Kg2 Nf5 28.b4 Qc8 29.Rxd8 Rxd8
30.Qf6 Rd2 31.Bxf5 Qxf5 32.Re8+  1-0

[Event "Paris-ch"]
[Site "Paris"]
[Date "1990.??.??"]
[Round "?"]
[White "Andruet, Gilles"]
[Black "Flear, Glenn C"]
[Result "1-0"]
[WhiteElo "2355"]
[BlackElo "2470"]

1.d4 d5 2.c4 e6 3.Nc3 c6 4.e3 Nf6 5.Nf3 Nbd7 6.Be2 Bd6 7.O-O O-O 8.b3 b6
9.Qc2 Bb7 10.e4 Nxe4 11.Nxe4 dxe4 12.Qxe4 Nf6 13.Qh4 c5 14.dxc5 Bxc5 15.Bb2 Qe7
16.Rad1 Rfd8 17.Ne5 Rxd1 18.Rxd1 Rd8 19.Rxd8+ Qxd8 20.Ng4 Be7 21.Nxf6+ Bxf6
22.Bxf6 Qxf6 23.Qxf6 gxf6 24.Bf3 Ba6 25.Kf1 Kf8 26.Ke2 Ke7 27.Kd3 Kd6 28.Bh5 Bb7
29.g3 Ke7 30.b4 f5 31.Kd4 f6 32.c5 Kd7 33.Be2 Bd5 34.Bb5+ Ke7 35.a4 Bg2 36.Be2 Bb7
37.cxb6 axb6 38.a5 bxa5 39.bxa5 Kd6 40.a6 Bd5 41.a7 h6 42.Ke3 e5 43.Bf3 e4
44.Bg2 Kc5 45.Kf4 Kb6 46.Kxf5 e3 47.Bxd5 e2 48.a8=Q e1=Q 49.Qc6+ Ka5 50.Qc5+ Ka6
51.Qa3+ Kb5 52.Qb3+ Ka5 53.f4  1-0

[Event "Paris-ch"]
[Site "Paris"]
[Date "1990.??.??"]
[Round "?"]
[White "Adorjan, Andras"]
[Black "Dorfman, Josif D"]
[Result "1/2-1/2"]
[WhiteElo "2520"]
[BlackElo "2595"]

1.d4 d5 2.c4 c6 3.Nc3 Nf6 4.e3 e6 5.Nf3 Nbd7 6.Be2 Bd6 7.Qc2 O-O 8.O-O Re8
9.b3 Qe7 10.Bb2 a6 11.e4 Nxe4 12.Nxe4 dxe4 13.Qxe4 e5 14.c5 exd4 15.Qxd4 Be5
16.Nxe5 Qxe5 17.Rfe1  1/2-1/2

[Event "World op"]
[Site "Philadelphia"]
[Date "1990.??.??"]
[Round "8"]
[White "Rohde, Michael A"]
[Black "Shabalov, Alexander"]
[Result "0-1"]
[WhiteElo "2555"]
[BlackElo "2465"]

1.Nf3 d5 2.c4 c6 3.e3 Nf6 4.Nc3 e6 5.d4 Nbd7 6.Qc2 Bd6 7.Bd3 O-O 8.O-O dxc4
9.Bxc4 e5 10.Bb3 Qc7 11.h3 b5 12.Ng5 Bb7 13.Rd1 Rad8 14.a4 a6 15.Nce4 Nxe4
16.Nxe4 Be7 17.axb5 axb5 18.d5 Nb6 19.Ra7 Nc8 20.Ra1 c5 21.Ng3 c4 22.e4 Bc5
23.Ba2 Nd6 24.Qe2 Ra8 25.Be3 b4 26.b3 c3 27.Rac1 Ra3 28.Bxc5 Qxc5 29.Nh5 Bc8
30.Rd3 Qb5 31.Rc2 f6 32.f4 Rf7 33.fxe5 fxe5 34.Qe3 Qa6 35.Kh2 Rxa2 36.Rxa2 Qxa2
37.Qb6 Qe2 38.Qd8+ Rf8 39.Nf6+ gxf6 40.Rg3+ Bg4 41.Qxd6 h5 42.Qxb4 c2 43.Qc5 Qd1
44.hxg4 c1=Q 45.gxh5+ Qg5 46.Rxg5+ fxg5 47.d6 Qxh5+ 48.Kg1 Qd1+ 49.Kh2 Rd8
50.Qc4+ Kf8 51.Qe6 Qxd6 52.Qf5+ Ke7 53.Qh7+ Ke8 54.Qg8+ Kd7 55.Qf7+ Kc6 56.Qc4+ Kb6
57.b4 Qh6+  0-1

[Event "URS-chT"]
[Site "Podolsk"]
[Date "1990.??.??"]
[Round "?"]
[White "Agrest, Evgenij"]
[Black "Kozirev, Alexander"]
[Result "1/2-1/2"]
[WhiteElo "2415"]
[BlackElo "2405"]

1.d4 d5 2.c4 e6 3.Nc3 c6 4.Nf3 Nf6 5.e3 Nbd7 6.Be2 dxc4 7.a4 Bd6 8.Nd2 e5
9.Nxc4 Bc7 10.e4 exd4 11.Qxd4 O-O 12.Be3 Qe7 13.Rd1 Rd8 14.O-O b6 15.Qd3 Ba6
16.Qc2 Bxc4 17.Bxc4 Ne5 18.Be2 Neg4 19.Bxg4 Nxg4 20.g3 Nxe3 21.fxe3 Rxd1
22.Nxd1 Qe6 23.Nf2 Rc8 24.Kg2 Bd6 25.Nh3 h6 26.Nf4 Qe5 27.Ne2 Bc5 28.Rf5 Qe7
29.Nd4 Qd7 30.Qc4 Re8 31.Kf3 a5 32.Rf4 Rd8 33.Kg2 Re8 34.Nf5 Qe6 35.Qc3 Qe5
36.Rg4 Qxc3 37.bxc3 g6 38.Nxh6+ Kf8 39.Rf4 Kg7 40.Ng4 Rd8 41.Kf3 b5  1/2-1/2

[Event "URS-chT"]
[Site "Podolsk"]
[Date "1990.??.??"]
[Round "?"]
[White "Aleksandrov, Aleksej"]
[Black "Skudnov, Sergej"]
[Result "1/2-1/2"]
[WhiteElo "2340"]
[BlackElo "2330"]

1.d4 d5 2.c4 e6 3.Nc3 c6 4.e3 Nf6 5.Nf3 Nbd7 6.Bd3 dxc4 7.Bxc4 b5 8.Bd3 Bb7
9.e4 b4 10.Na4 c5 11.e5 Nd5 12.Nxc5 Nxc5 13.dxc5 Bxc5 14.O-O h6 15.Nd2 Qc7
16.Ne4 Be7 17.Re1 Qxe5 18.Nc5 Qc7 19.Nxb7 Qxb7 20.Qf3 Bf6 21.a3 O-O 22.Qe4 g6
23.Bxh6 Bxb2  1/2-1/2

[Event "URS-chT"]
[Site "Podolsk"]
[Date "1990.??.??"]
[Round "?"]
[White "Bykhovsky, Avigdor"]
[Black "Smagin, Sergey"]
[Result "1/2-1/2"]
[WhiteElo "2495"]
[BlackElo "2520"]

1.d4 Nf6 2.c4 e6 3.Nf3 d5 4.Nc3 c6 5.e3 Nbd7 6.Qc2 Bd6 7.Be2 O-O 8.O-O Re8
9.Rd1 Qe7 10.b3 dxc4 11.Bxc4 b5 12.Bd3 Bb7 13.Bb2 a6 14.Ng5 h6 15.Nge4 c5
16.Nxd6 Qxd6 17.dxc5 Qc6 18.Ne4 Nxc5 19.Nxf6+ gxf6 20.Bf1 e5 21.Rac1 Rac8
22.Ba3 Ne4 23.Qxc6 Rxc6 24.Rxc6 Bxc6 25.f3 Ng5 26.Rc1 Rc8 27.Be7 e4 28.f4 Nh7
29.a4 bxa4 30.bxa4 Bd7 31.Rxc8+ Bxc8 32.f5 Kg7 33.a5 Nf8 34.Bxf8+ Kxf8 35.g4 Ke7
36.Bc4 Kd6 37.Bxf7 Kc5 38.h4 Bd7 39.Kf2 Kb5 40.Bd5 Kxa5 41.g5 hxg5 42.hxg5 fxg5
43.f6 Be8 44.f7 Bxf7 45.Bxf7 Kb4 46.Bd5 a5 47.Bxe4 a4 48.Bd5 Kc3 49.Kf3 a3
50.Ba2 Kd3 51.Bb1+ Kc3 52.Ba2 Kd3  1/2-1/2

[Event "URS-chT"]
[Site "Podolsk"]
[Date "1990.??.??"]
[Round "?"]
[White "Glek, Igor V"]
[Black "Kabatianski, Alexandr"]
[Result "1-0"]
[WhiteElo "2535"]
[BlackElo "2350"]

1.d4 d5 2.c4 c6 3.Nc3 Nf6 4.e3 e6 5.Nf3 a6 6.Qc2 Nbd7 7.b3 Bd6 8.Be2 O-O
9.O-O c5 10.dxc5 Nxc5 11.Rd1 Qc7 12.cxd5 Nce4 13.Bb2 Nxc3 14.Qxc3 Qxc3 15.Bxc3 Nxd5
16.Bb2 Rd8 17.e4 Nb4 18.Ne5 f6 19.a3 Nc6 20.Nxc6 bxc6 21.e5 Be7 22.Rxd8+ Bxd8
23.Rc1 Bd7 24.Rd1 Ra7 25.Bxa6 fxe5 26.Bc8  1-0